|
|
|
|
| LEADER |
01320nam a2200277 a 4500 |
| 001 |
4017558 |
| 008 |
090614s1998 caua b 001 0 eng d |
| 010 |
|
|
|a 97033910
|
| 020 |
|
|
|a 0787910155 (alk. paper)
|
| 040 |
|
|
|a DLC
|c DLC
|d DLC
|
| 082 |
0 |
0 |
|a 658.4/06
|2 21
|
| 245 |
0 |
4 |
|a The infinite resource :
|b creating and leading the knowledge enterprise /
|c William E. Halal, editor ; with Raymond Smith... [et al.].
|
| 260 |
|
|
|a San Francisco, Calif. :
|b Jossey-Bass,
|c c1998.
|
| 300 |
|
|
|a xvi, 265 p. :
|b ill. ;
|c 24 cm.
|
| 490 |
1 |
|
|a The Jossey-Bass business & management series
|
| 504 |
|
|
|a Includes bibliographical references and index.
|
| 541 |
1 |
|
|e 00011923
|
| 650 |
|
0 |
|a Knowledge management
|x Congresses.
|
| 650 |
|
0 |
|a Organizational change
|x Congresses.
|
| 650 |
|
0 |
|a Organizational learning
|x Congresses.
|
| 700 |
1 |
|
|a Halal, William E.
|
| 700 |
1 |
|
|a Smith, Raymond,
|d 1937-
|
| 852 |
4 |
|
|a Ayesha Abed Library
|j General shelf
|
| 999 |
|
|
|c 1355
|d 1355
|
| 952 |
|
|
|0 0
|1 0
|2 ddc
|4 0
|6 658_406000000000000_INF
|7 0
|9 1238
|a BRACUL
|b BRACUL
|c GEN
|d 2009-06-25
|g 0.00
|l 0
|o 658.406 INF
|p 3010011923
|r 2009-06-25
|t 1
|w 2009-06-25
|y BK
|x No price found in the accession register.
|
| 952 |
|
|
|0 0
|1 0
|2 ddc
|4 0
|6 658_406000000000000_INF
|7 0
|9 17403
|a BRACUL
|b BRACUL
|c GEN
|d 2011-07-09
|l 0
|o 658.406 INF
|p 3010011733
|r 2011-07-09
|t 2
|w 2011-07-09
|y BK
|x Book price not found
|